| 000 | 00587nam a22002057a 4500 | ||
|---|---|---|---|
| 999 |
_c7829 _d7829 |
||
| 003 | AR-CdUCM | ||
| 008 | 190321b ||||| |||| 00| 0 eng d | ||
| 040 |
_aMUNICIPALIDAD PROVINCIAL DEL CUSCO _cBIBLIOTECA MUNICIPAL DEL CUSCO |
||
| 082 |
_a428 / _bO21 |
||
| 100 |
_aOrwell, George _922139 |
||
| 245 | _aNineteen eighty - four / | ||
| 260 |
_aLondon : _bPenguin books _c1990. |
||
| 300 |
_a325 páginas ; _c18 cm. |
||
| 505 | _aContenido : En el idioma ingles | ||
| 650 |
_aSociedad _953 |
||
| 650 |
_aEuropea _95888 |
||
| 650 |
_aLondres _95033 |
||
| 942 |
_2ddc _cLIBROS |
||
| 945 | _arah | ||